000 01346nam a2200301 a 4500
001 BRCA_3322
005 20190320204225.0
008 240309m18791884enka---###---#000-0#eng-#
041 _aeng
044 _aenk
084 _a616
_b.P38
_c1879
100 1 _aCervantes Saavedra, Miguel de
_d1547-1616
_9213
245 1 0 _aThe History of the Ingenious Gentleman Don Quixote of La Mancha
_cTranslated from the Spanish by P. A. Motteux.
260 _aEdinburgo
_bWilliam Paterson
_c1879-1884
300 _a4 v.
_bil.
_c26 cm.
500 _aContenido : v.1. Primera parte. Retrato de Cervantes por Lalauze. Advertencia del editor. Vida de Cervantes por Lockhart. Prólogo del autor. 1879. -- v.2. Primera parte. Notas. 1880. -- v.3. Segunda parte. Prólogo del autor. 1882. -- v.4. Segunda parte. Notas. 1884
500 _aEjemplar por completo igual al anterior [615] Lúdovik Osterc
500 _aQM479
546 _aTexto en : inglés
650 1 4 _aNovela española
_yÉpoca clásica, 1500-1700
_9215
650 1 4 _aLiteratura española
_yÉpoca clásica, 1500-1700
_9216
650 1 4 _aNovela española
_ySiglo XVII
_9217
650 1 4 _aDon Quijote (Personaje ficticio)
_eNovela
_9218
700 1 _aMotteux, Peter Anthony
_d1663-1718
_eTraductor
_98780
740 0 _aEl Ingenioso Hidalgo Don Quijote de la Mancha
902 _aQFM
942 _2lcc
_cB
999 _c3058
_d3058